000 00902nam a22002417a 4500
005 2013013109089.0
010 _aB-489253
020 _a9788121210188
_c750.00
035 _aB-489253
037 _bKBD/Ven
082 _a378
100 _aChaudhari, Umrao Singh
_955006
245 0 0 _aHigher education :
_cby Umrao Singh Chaudhari
_btoday and tomorrow /
260 _a New Delhi
_bGyan Publishing House
_c2009
270 _a23, Main Ansari Road, Darya Ganj
_bNew Delhi
_e110002
300 _a258p.
_c22cm (Hb)
500 _aIncludes index
700 _aKhurana, S.M.Paul
_937583
700 _aSinghal, P.K.
_937584
942 _2ddc
_cEN
_mCHA
_h378
999 _c73347
_d73347